| 000 | 00698cam a22002171 4500 | ||
|---|---|---|---|
| 082 |
_a108 _bWIL _cD |
||
| 100 | 1 |
_aDurant, Will, _911321 |
|
| 245 | 1 | 4 |
_aThe lessons of history, _cby Will and Ariel Durant. |
| 260 |
_aNew York, _bSimon and Schuster _c[1968] |
||
| 300 |
_a117 p. _c26 cm. |
||
| 526 |
_a0 _b0 _c0 _d108_000000000000000_WIL |
||
| 526 |
_a0 _b0 _c0 _d108_000000000000000_WIL |
||
| 526 |
_a0 _b0 _c0 _d108_000000000000000_WIL |
||
| 526 |
_a0 _b0 _c0 _d108_000000000000000_WIL |
||
| 526 |
_a0 _b0 _c0 _d108_000000000000000_WIL |
||
| 526 |
_a0 _b0 _c0 _d108_000000000000000_WIL |
||
| 650 | 0 |
_aHistory _xPhilosophy. _96591 |
|
| 650 | 0 |
_aMCE _9379 |
|
| 700 | 1 |
_aDurant, Ariel, _924996 |
|
| 942 |
_2ddc _cBK |
||
| 999 |
_c541920 _d541920 |
||